LEADER 04118nam 2200649Ia 450 001 9910465100403321 005 20200520144314.0 010 $a0-674-07377-0 010 $a0-674-07373-8 024 7 $a10.4159/harvard.9780674073739 035 $a(CKB)2560000000102377 035 $a(EBL)3301318 035 $a(SSID)ssj0000915279 035 $a(PQKBManifestationID)11612245 035 $a(PQKBTitleCode)TC0000915279 035 $a(PQKBWorkID)10866593 035 $a(PQKB)11599771 035 $a(MiAaPQ)EBC3301318 035 $a(DE-B1597)209763 035 $a(OCoLC)848895534 035 $a(OCoLC)979967841 035 $a(DE-B1597)9780674073739 035 $a(Au-PeEL)EBL3301318 035 $a(CaPaEBR)ebr10718801 035 $a(EXLCZ)992560000000102377 100 $a20121218d2013 uy 0 101 0 $aeng 135 $aur|n|---||||| 181 $ctxt 182 $cc 183 $acr 200 10$aAlexander Wilson$b[electronic resource] $ethe Scot who founded American ornithology /$fEdward H. Burtt, Jr., William E. Davis, Jr 210 $aCambridge $cBelknap Press of Harvard University Press$d2013 215 $a1 online resource (464 p.) 300 $aDescription based upon print version of record. 311 $a0-674-07255-3 320 $aIncludes bibliographical references (p. 429-432) and index. 327 $t Frontmatter -- $tContents -- $tPreface -- $tChapter One. Themes in Wilson's Life and Writings -- $tChapter Two. A Varied Life -- $tChapter Three. Illustrating American Ornitholog y -- $tChapter Four. Pioneer Ornithologist -- $tChapter Five. Wilson's Legacy -- $tAppendix A. On the Shoulders of Giants: Wilson's Predecessors -- $tAppendix B. Wilson's Contemporaries and Correspondents -- $tNotes -- $tSelected Bibliography -- $tAcknowledgments -- $tIndex 330 $aAudubon was not the father of American ornithology. That honorific belongs to Alexander Wilson, whose encyclopedic American Ornithology established a distinctive approach that emphasized the observation of live birds. In the first full-length study to reproduce all of Wilson's unpublished drawings for the nine-volume Ornithology, Edward Burtt and William Davis illustrate Wilson's pioneering and, today, underappreciated achievement as the first ornithologist to describe the birds of the North American wilderness. Abandoning early ambitions to become a poet in the mold of his countryman Robert Burns, Wilson emigrated from Scotland to settle near Philadelphia, where the botanist William Bartram encouraged his proclivity for art and natural history. Wilson traveled 12,000 miles on foot, on horseback, in a rowboat, and by stage and ship, establishing a network of observers along the way. He wrote hundreds of accounts of indigenous birds, discovered many new species, and sketched the behavior and ecology of each species he encountered. Drawing on their expertise in both science and art, Burtt and Davis show how Wilson defied eighteenth-century conventions of biological illustration by striving for realistic depiction of birds in their native habitats. He drew them in poses meant to facilitate identification, making his work the model for modern field guides and an inspiration for Audubon, Spencer Fullerton Baird, and other naturalists who followed. On the bicentennial of his death, this beautifully illustrated volume is a fitting tribute to Alexander Wilson and his unique contributions to ornithology, ecology, and the study of animal behavior. 606 $aOrnithologists$zUnited States$vBiography 606 $aOrnithology$zUnited States$xHistory 606 $aBirds$zUnited States$vPictorial works 608 $aElectronic books. 615 0$aOrnithologists 615 0$aOrnithology$xHistory. 615 0$aBirds 676 $a598.092 676 $aB 700 $aBurtt$b Edward H.$cJr.,$f1948-$01034289 701 $aDavis$b William E.$cJr.,$f1936-$01034290 801 0$bMiAaPQ 801 1$bMiAaPQ 801 2$bMiAaPQ 906 $aBOOK 912 $a9910465100403321 996 $aAlexander Wilson$92453327 997 $aUNINA LEADER 03515 am 2200997 n 450 001 9910341158303321 005 20190811 010 $a2-918887-97-8 024 7 $a10.4000/books.pcjb.4158 035 $a(CKB)4100000009365830 035 $a(FrMaCLE)OB-pcjb-4158 035 $a(oapen)https://directory.doabooks.org/handle/20.500.12854/41365 035 $a(PPN)238688348 035 $a(EXLCZ)994100000009365830 100 $a20190920j|||||||| ||| 0 101 0 $afre 135 $auu||||||m|||| 181 $ctxt$2rdacontent 182 $cc$2rdamedia 183 $acr$2rdacarrier 200 10$aArtisanats antiques d?Italie et de Gaule $eMélanges offerts à Maria Francesca Buonaiuto /$fJean-Pierre Brun 210 $aNaples $cPublications du Centre Jean Bérard$d2019 215 $a1 online resource (299 p.) 606 $aDecorative arts$zItaly$xHistory$yTo 1500 606 $aDecorative arts$zGaul 606 $aHandicraft$zItaly$xHistory$yTo 1500 606 $aHandicraft$zGaul 610 $aéconomie 610 $aAntiquité 610 $aproduction artisanale 610 $acommerce 610 $aarchéologie 615 0$aDecorative arts$xHistory 615 0$aDecorative arts 615 0$aHandicraft$xHistory 615 0$aHandicraft 700 $aAmarger$b Marie-Pierre$01293534 701 $aBats$b Michel$0241285 701 $aBertaux$b Richard$01293535 701 $aBotte$b Emmanuel$0328750 701 $aBrangi$b Tonia$01293536 701 $aBrun$b Jean-Pierre$0328739 701 $aCanzanella$b Maria Giovanna$01293537 701 $aCaputo$b Paolo$024140 701 $aCavalier$b Madeleine$0162653 701 $aCavassa$b Laëtitia$01293514 701 $aCébeillac-Gervasoni$b Mireille$0408173 701 $aChazalon$b Ludi$01288460 701 $aCuma$b Funzionario responsabile dell'Ufficio per i Beni Archeologici di$01293538 701 $ade Cazanove$b Olivier$01293539 701 $ade La Genière$b Juliette$01293540 701 $aD?Angelo$b Francesco$0397712 701 $aExcoffon$b Pierre$0477542 701 $aFracchia$b Helena$0443358 701 $aGallo$b Anna Maria$0267820 701 $aGras$b Michel$0152295 701 $aGreco$b Emanuele$034154 701 $aGualtieri$b Maurizio$0443357 701 $aJolivet$b Vincent$0216405 701 $aJoncheray$b Claire$01293541 701 $aLeguilloux$b Martine$0477486 701 $aLivadie$b Claude Albore$0254576 701 $aMarazzi$b Federico$0266212 701 $aMastrocinque$b Attilio$0172446 701 $aMonteix$b Nicolas$0597006 701 $aMorel$b Jean-Paul$0459405 701 $aMunzi$b Priscilla$01277047 701 $aOllivier$b David$01293542 701 $aPasqualini$b Michel$0328748 701 $aPierobon$b Marina$01293543 701 $aPompei$b Soprintendenza speciale per i Beni Archeologici di Napoli e$01293544 701 $aPouzadoux$b Claude$0617976 701 $aPrieto$b Isabelle$01293545 701 $aRidgway$b David$0185193 701 $aRougetet$b Jacques$0748248 701 $aRoure$b Réjane$01293546 701 $aSalle$b Valérie$01293547 701 $aSantoriello$b Priscilla Munzi$01293548 701 $aTréziny$b Henri$0421889 701 $aVallet$b Laura$01293549 701 $aBrun$b Jean-Pierre$0328739 801 0$bFR-FrMaCLE 906 $aBOOK 912 $a9910341158303321 996 $aArtisanats antiques d?Italie et de Gaule$93022643 997 $aUNINA LEADER 03757nam 2200649 450 001 9910808290603321 005 20170822114608.0 010 $a1-78238-479-0 024 7 $a10.1515/9781782384793 035 $a(CKB)2560000000153907 035 $a(EBL)1661957 035 $a(OCoLC)875820199 035 $a(SSID)ssj0001135498 035 $a(PQKBManifestationID)11667833 035 $a(PQKBTitleCode)TC0001135498 035 $a(PQKBWorkID)11096337 035 $a(PQKB)10911222 035 $a(MiAaPQ)EBC1661957 035 $a(DE-B1597)636114 035 $a(DE-B1597)9781782384793 035 $a(EXLCZ)992560000000153907 100 $a20140507h20091999 uy| 0 101 0 $aeng 135 $aur|n|---||||| 181 $ctxt 182 $cc 183 $acr 200 00$aDictatorship as experience $etowards a socio-cultural history of the GDR /$fedited by Konrad H. Jarausch ; translated by Eve Duffy 210 1$aNew York :$cBerghahn Books,$d2009. 210 4$d©1999 215 $a1 online resource (400 p.) 300 $aFirst published in 1999 by Berghahn Books. 311 $a1-57181-182-6 320 $aIncludes bibliographical references and index. 327 $aContents; Preface; List of Abbreviations; Part I: Introduction; Part II: The Theoretical Problem of Dictatorship; Chapter 1: The GDR; Chapter 2: Modernization and Modernization Blockages in GDR Society; Chapter 3: Care and Coercion; Part III: Mechanisms of Political Repression; Chapter 4: From DIsmantling to Currency Reform; Chapter 5: Foreign Influences on the Dictatorial Development of the GDR, 1949-1955; Chapter 6: Repression and Tolerance as Methods of Rule in Communist Societies; Part IV: Means of Social Control; Chapter 7: Creating State Socialist Governance 327 $aChapter 8: Food Supply in a Planned EconomyChapter 9: The Myth of Female Emancipation; Chapter 10: The Socialist Glass Ceiling; Part V: Cultural Dimensions of Domination; Chapter 11: Dictatorship as Discourse; Chapter 12: The Fettered Media; Chapter 13: Criticism and Censorship; Chapter 14: THe Pivotal Cadres; Part VI: Temporal Transformations; Chapter 15: Stagnation or Change?; Chapter 16: The Hitler Youth Generation in the GDR; Chapter 17: Reforming Socialism?; Chapter 18: Mobility and Blockage During the 1970s; Postscript; Chapter 19: Rethinking the Second German Dictatorship 327 $aSelected BibliographyNotes on Contributors; Index 330 $a A decade after the collapse of communism, this volume presents a historical reflection on the perplexing nature of the East German dictatorship. In contrast to most political rhetoric, it seeks to establish a middle ground between totalitarianism theory, stressing the repressive features of the SED-regime, and apologetics of the socialist experiment, emphasizing the normality of daily lives. The book transcends the polarization of public debate by stressing the tensions and contradictions within the East German system that combined both aspects by using dictatorial means to achieve its emanci 606 $aDictatorship$zGermany (East)$vCongresses 606 $aCommunism$zGermany (East)$xHistory$vCongresses 606 $aPolitical culture$zGermany (East)$vCongresses 607 $aGermany (East)$xSocial conditions$vCongresses 607 $aGermany (East)$xSocial policy$vCongresses 615 0$aDictatorship 615 0$aCommunism$xHistory 615 0$aPolitical culture 676 $a943.1087 676 $a943/.1087 702 $aJarausch$b Konrad H. 702 $aDuffy$b Eve 801 0$bMiAaPQ 801 1$bMiAaPQ 801 2$bMiAaPQ 906 $aBOOK 912 $a9910808290603321 996 $aDictatorship as experience$94114250 997 $aUNINA